Cơ sở hóa học dị vòng

Trình bày những kiến thức về danh pháp, cấu trúc và tính chất vật lí của dị vòng; dị vòng thơm sáu cạnh và năm cạnh chứa một dị tử; dẫn xuất benzo của dị vòng thơm sáu cạnh và năm cạnh chứa một dị tử; dị vòng thơm sáu cạnh chứa nhiề...

全面介紹

Đã lưu trong:
書目詳細資料
主要作者: Trần, Quốc Sơn
格式: 圖書
語言:Undetermined
出版: Hà Nội Nxb. Đại học Sư phạm 2014
主題:
標簽: 添加標簽
沒有標簽, 成為第一個標記此記錄!
Thư viện lưu trữ: Trung tâm Học liệu Trường Đại học Cần Thơ
LEADER 01146nam a2200205Ia 4500
001 CTU_199864
008 210402s9999 xx 000 0 und d
020 |c 178000 
082 |a 547 
082 |b S464 
100 |a Trần, Quốc Sơn 
245 0 |a Cơ sở hóa học dị vòng 
245 0 |c Trần Quốc Sơn 
260 |a Hà Nội 
260 |b Nxb. Đại học Sư phạm 
260 |c 2014 
520 |a Trình bày những kiến thức về danh pháp, cấu trúc và tính chất vật lí của dị vòng; dị vòng thơm sáu cạnh và năm cạnh chứa một dị tử; dẫn xuất benzo của dị vòng thơm sáu cạnh và năm cạnh chứa một dị tử; dị vòng thơm sáu cạnh chứa nhiều nguyên tử nitrogen; dị vòng thơm năm cạnh chứa một dị tử và nhiều dị tử; hệ dung hợp giữa hai dị vòng chứa nitrogen; dị vòng no và dị vòng không no 
650 |a Chemisrty, organic 
904 |i Bằng 
980 |a Trung tâm Học liệu Trường Đại học Cần Thơ